00255nam a2200085Ia 4500008004100000041000800041100001600049245006700065260003700132241105s9999 xx 000 0 und d aeng aSaggam Neha aEvaluatin Of Phase Change Materials For Thermal Energy Storage bM.Arch Environmental, Punec2013